The Development of international trade in the Republic of China (Taiwan).
| Format: | Book |
|---|---|
| Published: |
[S.l]:
[s.n],
2006.
|
| Subjects: |
| LEADER | 00407cam a2200133 7i4500 | ||
|---|---|---|---|
| 001 | 0000018674 | ||
| 005 | 20070109090000.0 | ||
| 090 | 0 | 0 | |a TAIW 382 |b DEV |
| 245 | 0 | 0 | |a The Development of international trade in the Republic of China (Taiwan). |
| 260 | 0 | 0 | |a [S.l]: |b [s.n], |c 2006. |
| 300 | # | # | |a 52 p. |
| 650 | 0 | 0 | |a International trade -- |z Taiwan |
| 651 | 0 | 0 | |a Taiwan |
| 999 | |a 0000019483 |b Book |c Countries |e Business Information Centre | ||